| 000 | 00572nam a2200169 i 4500 | ||
|---|---|---|---|
| 001 | 49249 | ||
| 003 | ES-MaACL | ||
| 005 | 20231224062920.0 | ||
| 007 | t| | ||
| 008 | 030711s1909 sp ||||1| spa d | ||
| 100 | 1 |
_aCortejarena y Aldebó, Francisco de, _d1835-1919 _9145203 |
|
| 245 | 1 | 0 |
_aMis bodas de oro con la profesión, junio 20 de 1859-1909 _b: tiempo pasado / _cpor Francisco de Cortejarena y Aldevó. |
| 260 |
_aMadrid : _b[s.n.], _c1909 ( _fE. Teodoro) |
||
| 300 |
_a225, XVIII p. ; _c26 cm. |
||
| 852 |
_aES-MaACL _jG-14001 |
||
| 999 |
_c49249 _d49249 |
||